000 00383nam a2200121Ia 4500
008 150610s9999 xx 000 0 und d
020 _a00 60736291
050 _a PQ 9698
_b.C672 1987
100 _aCoelho, Paulo
245 4 _aThe pilgrimage:
_bA Contemporary Quest for Ancient Wisdom /
_cPaulo Coelho.
260 _aNew York :
_bHarper Collins,
_c1987.
300 _a265pages :
_c17 cm.
999 _c287946
_d287946